Music Quiz

Random Music or Song Quiz

Panic! at the Disco Song Titles in Lyrics Quiz Stats

 Plays Quiz Updated Sep 5, 2018

Support Sporcle.
Go Orange.
Score 0/30 Timer 10:00
0 Plays Today
% Correct
High Hopes
89.5%
Sarah Smiles
88.1%
Victorious
87.6%
Hallelujah
87%
Miss Jackson
84.9%
Nine In the Afternoon
84.1%
This Is Gospel
83.6%
The Piano Knows Something I Don't Know
82.1%
Nicotine
81.7%
House of Memories
80.5%
LA Devotee
80.4%
Death of a Bachelor
78.9%
Mad As Rabbits
78.5%
Don't Threaten Me with a Good Time
74.1%
Hurricane
74%
% Correct
Trade Mistakes
73.8%
Collar Full
72.8%
The Calendar
72.6%
Casual Affair
71.1%
The Good, the Bad and the Dirty
70.9%
Hey Look Ma, I Made It
70%
Far Too Young To Die
68.2%
Vegas Lights
68.1%
Northern Downpour
66%
Girl That You Love
64.2%
Let's Kill Tonight
63.5%
Memories
61.3%
Golden Days
56.7%
Behind the Sea
56.2%
When the Day Met The Night
54.9%

From the Vault

Bigram Venn Diagram

by Qaqaq

While a 'big ram' is cool, a bigram is something totally different.
Remove Ads.
Support Sporcle.
Get the best of Sporcle when you Go Orange. This ad-free experience offers more features, more stats, and more fun while also helping to support Sporcle. Thank you for becoming a member.

Show Comments

Extras

Top Quizzes Today


Score Distribution

Your Account Isn't Verified!

In order to create a playlist on Sporcle, you need to verify the email address you used during registration. Go to your Sporcle Settings to finish the process.

Report this User

Report this user for behavior that violates our Community Guidelines.

Details: